000 01195nam a22002657a 4500
999 _c64635
_d64635
005 20240530110742.0
008 180926s2016 ua abk g b 000 0 ara d
017 _a2015/10154
_bمصر. دار الكتب
020 _a9789777352833
040 _aEG-CaGPL
_cEG-CaGPL
082 0 4 _221
_a938 /
_bب د
100 0 _aبن اعطى الله عبدالرحمن
245 1 0 _aدور الحضارة اليونانية فى تطوير العلوم فى مدن شمال افريقيا من 331 ق.م حتى 30 ق.م /
_cبن اعطى الله عبدالرحمن
250 _aط.1
260 _aالاسكندرية :
_bدار الوفاء لدنيا الطباعة و النشر ،
_c2016.
300 _a199 ص. :
_bايض. ؛
_c24 سم.
504 _aيشتمل على ارجاعات ببليوجرافية
650 0 7 _2qrmak
_aالحضارة الاغريقية
650 0 7 _2qrmak
_aالحضارة الاغريقية
_zشمال افريقيا
650 0 7 _2qrmak
_aاحياء الثقافة القديمة
650 0 7 _2qrmak
_aالحضارة الاغريقية
_xالعلوم
_zشمال افريقيا
651 _2qrmak
942 _2ddc
_cBK